History Quiz: True or False? #2 - Statistics

General Stats
  • This quiz has been taken 153 times
  • The average score is 10 of 15
Answer Stats
Question Answer % Correct
The first gasoline/petrol-powered tractor was invented before the first petrol-powered lorry (truck). True
93%
Russia was the most populous state in Europe in 1600. False
86%
Rice was used in the construction of the Great Wall of China. True
86%
The Battle of Hastings occurred before humans had travelled to New Zealand. True
79%
The first electric lap steel guitar was nicknamed the "Frying Pan". True
79%
The Black Death was the first known pandemic caused by the bacterium Yersinia pestis. False
71%
Dutch independence was one of the outcomes of the Thirty Years War. True
71%
The Cambodian genocide had a higher death toll than the Rwandan genocide. True
71%
The figures for China's military and civilian deaths of World War II are roughly equal. False
64%
Imhotep was the architect behind the first Egyptian pyramid. True
57%
The Diquis culture of what is now Costa Rica built large, perfectly-carved stone spheres. True
50%
Jan van Eyck and Rembrandt both had the same tutor. False
43%
The Roman Empire was, by area, the largest empire the world had ever seen at the time. False
43%
Memphis was the largest city in the world in the year 3000 BC. False
43%
The largest Roman temple existed in what is now Turkey. False
29%
No matching quizzes found
Score Distribution
Percent of People with Each Score
Percentile by Number Answered
Your Score History
You have not taken this quiz